000 00662nam a2200289Ia 4500
001 Z_2638
003 CHAP
008 220113s1974 xx 000 0 und d
010 _a165698
040 _cCHAP
082 _a596 H5
100 _aHildebrand, Miltón
_955388
245 _aAnatomía y embriología de los vertebrados /
_cpor Miltón Hildebrand
260 _aMéxico, D. F. :
_bLimusa,
_c1974
300 _a844 p.
440 _a
500 _a
503 _a
650 _aAnatomía comparada
_95494
650 _aVertebrados
_9118965
901 _a596 H5
902 _aA
910 _a1974
942 _c1
942 _cc1
999 _c165698
_d165698